| 000 | 00513nam a2200193Ia 4500 | ||
|---|---|---|---|
| 005 | 20260429112200.0 | ||
| 008 | 260429s9999||||xx |||||||||||||| ||und|| | ||
| 020 | _a9789386677709 | ||
| 041 | _aEnglish | ||
| 082 |
_a338.5 _bDHI |
||
| 100 | _aDhingra, Ishwar C. | ||
| 245 | 0 |
_aPrinciples of microeconomics / _cIshwar C. Dhingra |
|
| 250 | _a1st ed. | ||
| 260 |
_aNew Delhi : _bManakin Press, _c2026. |
||
| 300 | _axiii, 700 p.; pbk | ||
| 650 | _a Supply analysis | ||
| 650 | _aMicroeconomics | ||
| 942 | _cTB | ||
| 999 |
_c52770 _d52770 |
||